1122 1173 1488 1786 1237 1365 1712 1378 1757 1873 1375 1914 1422 1393 1420 1010 1764 1754 1381 1220 1194 1608 1128 1569 1560 1095 1573 1232 1108 1286 1032 1069 1480 1047 1362 1480 1854 1462 1075 1867 1474 1570 1972 1041 1429 1608 1624 1256 1501 1966 1571 1420 1535 1406 1914 1245 1235 1434 1619 1287 1803 1508 1572 1531 1068 1937 1943 1064 1239 1088 1744 1540 1149 1187 1449 1816 1368 1678 1089 1014 1705 1798 1308 1125 1333 1699 1548 1057 1212 1466 1718 1913 1606 1027 1798 1853 1993 1150 1514 BCNSPRNW ULIB Ver.6.0+V

เปลี่ยนเป็นภาษาไทย

Change to English
 แสดงรายละเอียดบรรณานุกรม
  กลับหน้าหลัก

Brief Record : Get Marc (ISO 2709) : E-mail record : QR code < ปิดหน้าต่าง
LEADER : 00000nam 2200000uu 4500
001    13399120314
003     ULIB
008    120918s2552||||th 000 0 tha d
020    ^a9786167004020
060    ^aQV767^bจ167ค 2552
100    ^aจริยา เดชกุญชร
245    ^aเครื่องดื่มและน้ำสมุนไพรเพื่อสุขภาพ/^cจริยา เดชกุญชร
250    ^aพิมพ์ครั้งที่ 2
260    ^aกรุงเทพฯ:^bเพชรการเรือน,^c2552
300    ^a82 หน้า^bภาพประกอบสี
650    ^aน้ำสมุนไพร
945    ^p180^l0^i17756
995    ^aกัณชพร
999    ^aใช้งานได้ทุกระบบ
รายการนี้ยังไม่มีแท็ก
คุณยังไม่ได้ล็อกอิน คุณสามารถมีกิจกรรมร่วมกับเว็บไซต์ได้ แต่ต้องล็อกอินก่อน ::
  ล็อกอิน

รายการสื่อสารสนเทศ

ลำดับที่ ประเภท เลขเรียก/บาร์โค้ด สถานที่ สถานะ
1. วิทยาศาสตร์การแพทย์ และสุขภาพ
วิทยาศาสตร์การแพทย์ และสุขภาพ
QV767 จ167ค 2552  
  Barcode: 17756
ห้องสมุดวิทยาเขตนครสวรรค์
►ส่วนจัดเก็บหนังสือเก่า นว.
บนชั้น
  ขอยืม

รายการใกล้เคียง
    ผู้แต่ง [จริยา เดชกุญชร]

    หัวเรื่อง [น้ำสมุนไพร]

BibComment


ยังไม่เคยถูกคอมเมนท์

คอมเมนท์ทรัพยากรรายการนี้
  คอมเมนท์: เครื่องดื่มและน้..


 Copyright 2026. Bcnsprnw @Library